000 01237nam a2200325 c 4500
003 BLK
005 20180421001727.0
008 180411b bul|||||r ||||||| ||bul||
010 _aKNG00215613000
020 _a978-954-8040-88-4
_bиздат.: Балтика 2002
040 _aBLK
041 _aBUL
_cBUL
072 7 _2bullib
_aН8400
_xБългарска поезия Н
080 _aБългарска литература
_b821.163.2
_x-1
_z821.163.2-1
100 1 _aСтоянова, Милка Йорданова
_eпърви автор
_9336369
139 _aСтоянова, Милка Йорданова
_bС 83
245 1 0 _aКораб в далечината
_bТриптих
_cМилка Йорданова Стоянова.
257 _aBGR
260 Бургас
_bБалтика 2002
_c2014
_fБургас : Полиграф
300 _a132 с.
_c20 см
380 _aX
500 _aЗа книгите от поетичния триптих.
653 _aстихотворения
659 _aН
852 _aЦб 288947
856 4 _qpdf
_u
856 4 _qpdf
_u
942 _cKNG
_n0
944 _aCR
_c20.01.2018
_lф /
_kВиолета_Тройчева
944 _aED
_c19.02.2018
_lф /
_kЛюдмила_Стоянова
999 _c205884
_d205884